Представление документа в формате MARC21

Поле Инд. ПП Название Значение
Тип записи a
Библиографический уровень b
001 Контрольный номер RU/IS/BASE/216320333
005 Дата корректировки 20200522191046.4
008 Кодируемые данные 20061108
040 b Код языка каталог. rus
e Правила каталог. PSBO
041 0_ a Код языка текста rus
084 a Индекс другой классификации/Индекс ББК 60.74(2Рос)
100 1_ a Автор Юрьев Е.
245 10 a Заглавие Низкая рождаемость - не признак цивилизованности
520 0_ a Аннотация О Национальной программе демографического развития России в свете задач, поставленных Президентом РФ: о направлениях программы, приоритетных задачах, минимизации рисков нецелевого расходования выделяемых в рамках Программы средств
650 a Основная рубрика демографическая политика
a Основная рубрика демография
653 1_ a Ключевые слова демографическое развитие
a Ключевые слова население
a Ключевые слова Национальная программа развития демографического развития
a Ключевые слова Россия
773 0_ t Заглавие источника Социальная и демографическая политика
d Дата издания источника 2006
g Прочая информация № 9. - С. 4 - 7
w Контрольный № источника RU/IS/BASE/214580098
901 t Тип документа b